000 00839nam a2200229Ii 4500
003 JO-AjNU
008 230605s9999||||xx |||||||||||||| ||und||
017 _aد.ر.أ
040 _aJO-AjNU
_bara
_erda
_cJO-AjNU
041 _aara
050 1 4 _aDS70.9.2018
100 3 _aاعداد قسم الثقافة في هيئة علماء المسلمين في العراق,
_eauthor
_964108
245 0 0 _aمبادرة مشروع العراق الجامع
250 _aط1
264 3 1 _aبغداد: مؤسسة البصائر للدراسات والنشر، 2018
300 _a65ص
336 _atext
_btxt
_2rdacontent
337 _aunmediated
_bn
_2rdamedia
338 _avolume
_bnc
_2rdacarrier
490 0 _aسلسلة اصدارات هيئة علماء المسلمين في العراق 25
650 4 _aالعراق-تاريخ
_964109
999 _aA29115
_c32683
_d32683